000 00629nam a2200241 a 4500
001 0001-1307
003 ELIB.Books
008 150709 2010 eng
020 _a0664244726
035 _a(ELIB.Books)0001-1462
092 _a264.34
_bHes
100 _aHessel, Dieter T.
245 _aSocial Themes of the Christian Year
260 _aPhiladelphia
_bThe Geneva Press
_c1983
300 _a283
_c22.5 Cm
500 _aC/o Par Mar Bwe
650 _aThe Liturgical Lesson
856 _nKBTS: Library
_uKBTS: Elib
942 _2ddc
_cBK
990 _a1
998 _cbat
_e2015-07-09
999 _c11307
_d11307